Statistics for Binding Of Isaac Bosses

Click here to take the quiz!

General Stats

  • This quiz has been taken 370 times
  • The average score is 12 of 31

Answer Stats

HintAnswer% Correct
basmentMonstro
88%
depthsMom
73%
cathedralIsaac
72%
basementLarry JR
59%
wombMoms Heart
55%
cellarPin
55%
the chest???
53%
devil roomkrampus
52%
depthsMonstro V2
47%
wombIt Lives
46%
cavesGurdy
41%
basementFamine
39%
depthsWar
38%
wombDeath
37%
cellarWidow
37%
cavesPestilence
35%
basementGemini
34%
cavesPeep
33%
basementSteven
32%
cellarGurdy JR
31%
depthsLoki
31%
cavesChub
30%
cavesC.H.A.D
29%
wombThe Bloat
29%
basementThe Duke Of Flies
24%
depthsGish
22%
cavesFistula
20%
wombScolex
17%
cellarBlighted Ovum
13%
wombBlastocyst
12%
the chestthe chest
7%

Score Distribution

Percentile by Number Answered

Percent of People with Each Score

Your Score History

You have not taken this quiz